[Event "Seniorenkampioenschap 2013"]
[Site "Oosterbeek, Netherlands"]
[Date "2013.07.07"]
[Round "2"]
[White "Toorman, Jan"]
[Black "Vlam, Horatio"]
[Result "1/2-1/2"]
[WhiteElo "1982"]
[BlackElo "2075"]
[PlyCount "106"]
[EventDate "2013.??.??"]

1. e4 c5 2. Ne2 Nc6 3. d4 cxd4 4. Nxd4 g6 5. Be3 Nf6 6. Nc3 Bg7 7. Be2 O-O 8.
O-O d5 9. exd5 Nb4 10. Qd2 Nbxd5 11. Nxd5 Nxd5 12. Bh6 e5 13. Bxg7 Kxg7 14. Nb3
Nf4 15. Bf3 Qxd2 16. Nxd2 f5 17. g3 Nh3+ 18. Kg2 Ng5 19. Rfd1 Be6 20. b3 Rad8
21. Bxb7 Rf7 22. Nf3 Rxd1 23. Rxd1 Nxf3 24. Bxf3 Rc7 25. Rd6 Kf7 26. c4 e4 27.
Be2 Kf6 28. f4 Ke7 29. Ra6 Bc8 30. Ra5 a6 31. Kf2 Kd6 32. Ke3 Rc5 33. Rxc5 Kxc5
34. a3 a5 35. Kd2 Kd4 36. b4 axb4 37. axb4 Ba6 38. b5 Bc8 39. Kc2 Kc5 40. Kc3
Be6 41. h4 h6 42. h5 gxh5 43. Bxh5 Bxc4 44. b6 Bd5 45. Bg6 Kxb6 46. Bxf5 Kc5
47. Bg6 Bc6 48. Bf7 Bb5 49. Bb3 e3 50. f5 Kd6 51. f6 Kd7 52. Kc2 Ke8 53. Kd1
e2+ 1/2-1/2

[Event "Seniorenkampioenschap 2013"]
[Site "Oosterbeek, Netherlands"]
[Date "2013.07.07"]
[Round "2"]
[White "Landsbergen, Ron"]
[Black "Goossen, Theo"]
[Result "1/2-1/2"]
[WhiteElo "1975"]
[BlackElo "1996"]
[PlyCount "48"]
[EventDate "2013.??.??"]

1. e4 c5 2. Nc3 Nc6 3. g3 g6 4. Bg2 Bg7 5. d3 e6 6. Be3 b6 7. Qd2 Bb7 8. f4 Nd4
9. e5 Bxg2 10. Qxg2 Nf5 11. Bd2 d5 12. Nf3 h5 13. Ne2 Rc8 14. h3 a5 15. g4 Nh4
16. Qf2 Nxf3+ 17. Qxf3 Ne7 18. O-O-O Qc7 19. Kb1 Nc6 20. c3 a4 21. d4 Qd7 22.
f5 exf5 23. gxf5 cxd4 24. cxd4 Qxf5+ 1/2-1/2

[Event "Seniorenkampioenschap 2013"]
[Site "Oosterbeek, Netherlands"]
[Date "2013.07.07"]
[Round "2"]
[White "Mostertman, Loek"]
[Black "Haitsma, Anne"]
[Result "1/2-1/2"]
[WhiteElo "1993"]
[BlackElo "1923"]
[PlyCount "76"]
[EventDate "2013.??.??"]

1. d4 Nf6 2. c4 e6 3. Nc3 Bb4 4. e3 O-O 5. Nge2 d5 6. a3 Be7 7. cxd5 exd5 8. g3
b6 9. Bg2 Bb7 10. O-O Re8 11. Nf4 Ne4 12. Nxe4 dxe4 13. Qc2 Bd6 14. b4 Nd7 15.
Bb2 Nf6 16. f3 Qe7 17. fxe4 Bxe4 18. Bxe4 Qxe4 19. Qxe4 Rxe4 20. Rf3 Rae8 21.
Ng2 Nd5 22. Re1 g6 23. Kf2 f5 24. Nf4 Bxf4 25. gxf4 c6 26. Bc1 R4e6 27. h3 Ra8
28. Bd2 Nf6 29. Ke2 Ne4 30. Rb1 Rd8 31. Kd3 c5 32. bxc5 Nxc5+ 33. Kc4 Ne4 34.
Bb4 Rc6+ 35. Kd3 Rd5 36. Rff1 a5 37. Bd2 Nf6 38. Rfc1 Rdd6 1/2-1/2

[Event "Seniorenkampioenschap 2013"]
[Site "Oosterbeek, Netherlands"]
[Date "2013.07.07"]
[Round "2"]
[White "Vreugdenhil, Frans"]
[Black "Algera, Symon"]
[Result "0-1"]
[WhiteElo "1921"]
[BlackElo "1985"]
[PlyCount "76"]
[EventDate "2013.??.??"]

1. e4 c6 2. d4 d5 3. exd5 cxd5 4. c4 Nf6 5. Nc3 Nc6 6. Nf3 e6 7. a3 Be7 8. Bd3
dxc4 9. Bxc4 O-O 10. O-O a6 11. Bf4 b5 12. Ba2 b4 13. axb4 Nxb4 14. Bb1 Bb7 15.
Ng5 h6 16. Nge4 Nbd5 17. Be5 Nxc3 18. Nxc3 Nd5 19. Bxg7 Kxg7 20. Qg4+ Kh8 21.
Qe4 f5 22. Qxe6 Rf6 23. Qe1 Nf4 24. d5 Qg8 25. g3 Nxd5 26. Qe5 Bd6 27. Qd4 Qe6
28. Ba2 Nxc3 29. bxc3 Qe5 30. Qh4 Raf8 31. Rae1 Qxc3 32. Rb1 Ba8 33. Rb3 Qc6
34. f3 Qc2 35. Rf2 Bc5 36. Qxf6+ Rxf6 37. Rb8+ Kh7 38. Bg8+ Kg7 0-1

[Event "Seniorenkampioenschap 2013"]
[Site "Oosterbeek, Netherlands"]
[Date "2013.07.08"]
[Round "3"]
[White "Schouten, Nico"]
[Black "Van Oosten, Arend"]
[Result "1/2-1/2"]
[WhiteElo "2160"]
[BlackElo "2143"]
[PlyCount "95"]
[EventDate "2013.??.??"]

1. d4 Nc6 2. Nf3 d5 3. e3 Bg4 4. Be2 Nf6 5. O-O e6 6. b3 Be7 7. Bb2 Ne4 8. Ne1
Bxe2 9. Qxe2 f5 10. f3 Nf6 11. Nd2 O-O 12. Nd3 Qe8 13. c4 Rd8 14. Rac1 Bd6 15.
c5 Be7 16. b4 a6 17. a4 Nb8 18. Qd1 g5 19. Qb3 c6 20. Rce1 g4 21. f4 Ne4 22.
Nxe4 fxe4 23. Ne5 g3 24. Qd1 gxh2+ 25. Kxh2 Rf6 26. Qg4+ Kh8 27. Rh1 Nd7 28.
Kg1 Nxe5 29. dxe5 Rg6 30. Qh3 Qf7 31. Re2 h6 32. g4 Rdg8 33. Kf1 R8g7 34. Reh2
Kg8 35. Rg2 Kf8 36. Bd4 Ke8 37. Ke2 Rg8 38. Kd2 Kd7 39. Kc3 Qf8 40. Rb1 Kc7 41.
Qh5 Kc8 42. a5 Kd7 43. Rf1 Kd8 44. f5 Rg5 45. Qh3 exf5 46. Rgf2 Rxg4 47. Rxf5
Qg7 48. Rh5 1/2-1/2

[Event "Seniorenkampioenschap 2013"]
[Site "Oosterbeek, Netherlands"]
[Date "2013.07.08"]
[Round "3"]
[White "Jonkman, Fokke"]
[Black "Van den Berg, Ad"]
[Result "1/2-1/2"]
[WhiteElo "2131"]
[BlackElo "2176"]
[PlyCount "26"]
[EventDate "2013.??.??"]

1. c4 e5 2. Nc3 Nf6 3. Nf3 Nc6 4. a3 d6 5. e3 g6 6. d3 Bg7 7. Be2 O-O 8. Qc2 a5
9. Rb1 d5 10. cxd5 Nxd5 11. Bd2 Nb6 12. b4 axb4 13. axb4 Re8 1/2-1/2

[Event "Seniorenkampioenschap 2013"]
[Site "Oosterbeek, Netherlands"]
[Date "2013.07.08"]
[Round "3"]
[White "Vogel, Jaap"]
[Black "Markus, John"]
[Result "1/2-1/2"]
[WhiteElo "2196"]
[BlackElo "2016"]
[PlyCount "25"]
[EventDate "2013.??.??"]

1. d4 d5 2. Nf3 Nf6 3. c4 c6 4. e3 Bg4 5. Qb3 Qb6 6. Nc3 e6 7. Bd2 Nbd7 8. Bd3
Bh5 9. h3 Bg6 10. Bxg6 hxg6 11. Rc1 Qa6 12. cxd5 exd5 13. Qa4 1/2-1/2

[Event "Seniorenkampioenschap 2013"]
[Site "Oosterbeek, Netherlands"]
[Date "2013.07.08"]
[Round "3"]
[White "Van Wageningen, Arie"]
[Black "Broekman, Willem"]
[Result "1/2-1/2"]
[WhiteElo "2100"]
[BlackElo "2007"]
[PlyCount "98"]
[EventDate "2013.??.??"]

1. Nf3 e6 2. c4 d5 3. d4 c6 4. e3 Nf6 5. Nc3 Nbd7 6. Qc2 Bd6 7. Bd2 Qe7 8. Be2
dxc4 9. Bxc4 e5 10. O-O O-O 11. h3 e4 12. Ng5 Nb6 13. Bb3 Bf5 14. f3 Rae8 15.
Ncxe4 Nxe4 16. fxe4 Bxe4 17. Nxe4 Qxe4 18. Qxe4 Rxe4 19. Rf3 c5 20. dxc5 Bxc5
21. Rc1 Bd6 22. Kf2 Re7 23. Bc3 Rd8 24. Rd1 Bc7 25. Rxd8+ Bxd8 26. Rf5 h6 27.
a4 Nc8 28. Kf3 Bb6 29. e4 Nd6 30. Rf4 Bc5 31. e5 Ne8 32. Bc4 Nc7 33. b4 Bg1 34.
Re4 Ne6 35. Ke2 Rc7 36. Kf1 Bd4 37. Bxe6 Bxc3 38. Bd5 Re7 39. a5 Rxe5 40. Rxe5
Bxe5 41. Bxb7 Bc3 42. b5 Bxa5 43. Ke2 Kf8 44. Kd3 Ke7 45. Bc6 Kf6 46. Ke4 Kg5
47. Bd7 g6 48. Be8 f5+ 49. Kf3 Kf6 1/2-1/2

[Event "Seniorenkampioenschap 2013"]
[Site "Oosterbeek, Netherlands"]
[Date "2013.07.08"]
[Round "3"]
[White "Haggeman, Henny"]
[Black "Etmans, Maarten"]
[Result "1/2-1/2"]
[WhiteElo "1897"]
[BlackElo "2115"]
[PlyCount "80"]
[EventDate "2013.??.??"]

1. e4 Nc6 2. Bc4 e6 3. Nc3 Nf6 4. Bb3 d5 5. exd5 exd5 6. d4 Bb4 7. Nge2 O-O 8.
O-O Na5 9. Bg5 c6 10. Qd3 Be7 11. Ng3 h6 12. Bd2 Nxb3 13. axb3 Bb4 14. Bf4 Bd6
15. Bxd6 Qxd6 16. Rfe1 a6 17. Na4 Be6 18. Nc5 b6 19. Nxe6 fxe6 20. f3 a5 21.
Re2 Rae8 22. Rae1 c5 23. c3 cxd4 24. cxd4 Kf7 25. Qb5 Qb4 26. Qxb4 axb4 27. Rc2
Rc8 28. Rec1 Rxc2 29. Rxc2 Nd7 30. Rc7 Ke7 31. Nh5 Kd6 32. Rc1 g6 33. Ng3 Ra8
34. Ne2 Ra2 35. Rc2 Nb8 36. Kf2 Nc6 37. Ke3 Ra1 38. Nf4 g5 39. Nd3 Ra8 40. g3
Ra1 1/2-1/2

[Event "Seniorenkampioenschap 2013"]
[Site "Oosterbeek, Netherlands"]
[Date "2013.07.08"]
[Round "3"]
[White "Algera, Symon"]
[Black "Van Lanen, Toon"]
[Result "1/2-1/2"]
[WhiteElo "1985"]
[BlackElo "2098"]
[PlyCount "36"]
[EventDate "2013.??.??"]

1. d4 d5 2. c4 e6 3. Nf3 c5 4. cxd5 exd5 5. g3 Nc6 6. Bg2 cxd4 7. O-O Bc5 8.
Nbd2 Nge7 9. Nb3 Qb6 10. Bf4 Ng6 11. Nxc5 Qxc5 12. Rc1 Qb4 13. a3 Qxb2 14. Bd6
Nge7 15. Rb1 Qc3 16. Rc1 Qb2 17. Rb1 Qc3 18. Rc1 Qb2 1/2-1/2

[Event "Seniorenkampioenschap 2013"]
[Site "Oosterbeek, Netherlands"]
[Date "2013.07.08"]
[Round "3"]
[White "Huysman, Arie"]
[Black "Van Leeuwen, Etienne"]
[Result "0-1"]
[WhiteElo "1976"]
[BlackElo "2061"]
[PlyCount "84"]
[EventDate "2013.??.??"]

1. e4 d5 2. exd5 Nf6 3. c4 e6 4. d4 Bb4+ 5. Nc3 exd5 6. Nf3 O-O 7. Be2 dxc4 8.
Bxc4 Re8+ 9. Ne5 Be6 10. Bxe6 Rxe6 11. O-O c5 12. Be3 cxd4 13. Qxd4 Qe7 14. Nf3
Nc6 15. Qc4 Rd8 16. Rad1 Red6 17. Rxd6 Qxd6 18. Bf4 Qd3 19. Qxd3 Rxd3 20. Rd1
Rxd1+ 21. Nxd1 Nd5 22. Bc1 Bc5 23. a3 f6 24. Kf1 Kf7 25. Ke2 Ke6 26. g3 a5 27.
Bd2 a4 28. Kd3 b5 29. Ne3 Nxe3 30. fxe3 Ne5+ 31. Nxe5 Kxe5 32. e4 g6 33. Bc3+
Ke6 34. h3 f5 35. exf5+ Kxf5 36. Bd2 h5 37. Bf4 g5 38. Bc7 g4 39. h4 Be7 40.
Bb8 Bf6 41. Bd6 Bxb2 42. Bb4 Be5 0-1

[Event "Seniorenkampioenschap 2013"]
[Site "Oosterbeek, Netherlands"]
[Date "2013.07.08"]
[Round "3"]
[White "Piket, Joop"]
[Black "Hagendijk, Klaas"]
[Result "0-1"]
[WhiteElo "2056"]
[BlackElo "1945"]
[PlyCount "70"]
[EventDate "2013.??.??"]

1. d4 Nf6 2. Bg5 d5 3. Bxf6 exf6 4. e3 Be6 5. Bd3 c5 6. c3 Qb6 7. Ne2 Qxb2 8.
Nd2 Qa3 9. O-O Be7 10. Rb1 c4 11. Bc2 Nd7 12. e4 Nb6 13. exd5 Bxd5 14. Nf4 Bc6
15. Re1 O-O-O 16. Rxb6 axb6 17. Nxc4 Qxc3 18. Nxb6+ Kb8 19. Ne2 Qb4 20. Na4 Bd6
21. Nac3 Rhe8 22. Qd2 Qa5 23. Rb1 Qg5 24. Qxg5 fxg5 25. Bd3 Bc7 26. Bc4 f6 27.
d5 Bd7 28. Ba6 Bc8 29. Nd4 Ka8 30. Bc4 Be5 31. Ndb5 Bxc3 32. Nxc3 Bf5 33. Rc1
Rc8 34. Bb5 Red8 35. f3 Rxd5 0-1

[Event "Seniorenkampioenschap 2013"]
[Site "Oosterbeek, Netherlands"]
[Date "2013.07.08"]
[Round "3"]
[White "Pols, Leendert"]
[Black "Smeets, Pierre"]
[Result "1-0"]
[WhiteElo "1960"]
[BlackElo "2051"]
[PlyCount "83"]
[EventDate "2013.??.??"]

1. d4 Nf6 2. Nf3 c5 3. d5 d6 4. Nc3 e5 5. e4 g6 6. Bb5+ Bd7 7. Be2 b5 8. Bg5 a6
9. a4 b4 10. Nb1 h6 11. Bxf6 Qxf6 12. Nbd2 h5 13. h4 Bh6 14. a5 O-O 15. c3 bxc3
16. bxc3 Qd8 17. Qb3 Ra7 18. O-O Qc7 19. Rfb1 Bg4 20. Nc4 Nd7 21. Qa2 f5 22.
Rb6 fxe4 23. Ng5 Bxg5 24. hxg5 Bf5 25. Rxd6 Rb8 26. Rb6 Kg7 27. Rxb8 Qxb8 28.
Rb1 Qg8 29. Nb6 e3 30. Rf1 Qd8 31. fxe3 Nxb6 32. axb6 Qxb6 33. Rd1 c4 34. Qd2
Qc5 35. Kh1 Rd7 36. Bf3 e4 37. Be2 Be6 38. d6 Qxg5 39. Qd4+ Qf6 40. Qxe4 Bf5
41. Qxc4 Rxd6 42. Qc7+ 1-0

[Event "Seniorenkampioenschap 2013"]
[Site "Oosterbeek, Netherlands"]
[Date "2013.07.08"]
[Round "3"]
[White "Vlam, Horatio"]
[Black "Landsbergen, Ron"]
[Result "0-1"]
[WhiteElo "2075"]
[BlackElo "1975"]
[PlyCount "48"]
[EventDate "2013.??.??"]

1. c4 e5 2. Nc3 Nc6 3. Nf3 Nf6 4. d3 Bb4 5. Bd2 O-O 6. a3 Bxc3 7. Bxc3 e4 8.
Ng5 exd3 9. Qxd3 g6 10. O-O-O d6 11. h4 h6 12. f3 hxg5 13. hxg5 Nh5 14. g4 Bxg4
15. fxg4 Qxg5+ 16. Kb1 Qxg4 17. Bh3 Qg3 18. Qd2 Qf4 19. Qd5 Ne5 20. Rdg1 Ng3
21. Bxe5 dxe5 22. Be6 fxe6 23. Qxe6+ Kg7 24. Ka1 Qf5 0-1

[Event "Seniorenkampioenschap 2013"]
[Site "Oosterbeek, Netherlands"]
[Date "2013.07.08"]
[Round "3"]
[White "Goossen, Theo"]
[Black "Thieme, Wim"]
[Result "1/2-1/2"]
[WhiteElo "1996"]
[BlackElo "1911"]
[PlyCount "116"]
[EventDate "2013.??.??"]

1. e4 e6 2. d4 d5 3. Nd2 c5 4. exd5 Qxd5 5. Ngf3 Nf6 6. Bc4 Qd8 7. dxc5 Bxc5 8.
O-O O-O 9. Qe2 a6 10. Ne4 Nxe4 11. Qxe4 Nd7 12. Bd3 Nf6 13. Qh4 Be7 14. Bf4 Ne4
15. Qh3 e5 16. g4 exf4 17. Bxe4 g6 18. Rad1 Qb6 19. Rfe1 Bf6 20. Qh6 Bxg4 21.
Qxf4 Bxf3 22. Qxf3 Qxb2 23. Bxb7 Rab8 24. Bxa6 Rb6 25. Bc4 Qxc2 26. Bb3 Qc5 27.
Rd5 Qc3 28. Re3 Qa1+ 29. Rd1 Qb2 30. Qd5 Bg7 31. Rf3 Rf6 32. Rxf6 Qxf6 33. Rd3
Qe5 34. Qd7 Qf4 35. Qd5 Qe5 36. Qb7 Qf4 37. Rf3 Qc1+ 38. Kg2 Qg5+ 39. Rg3 Qf4
40. Qd5 Qe5 41. Qc4 Qd4 42. a4 Qxc4 43. Bxc4 Rc8 44. Bb3 Rc3 45. a5 Rxg3+ 46.
fxg3 Kf8 47. Kf3 Ke7 48. Ke4 f5+ 49. Kd5 Kd7 50. Kc5 Kc7 51. Bg8 Be5 52. Kd5
Bc3 53. Bxh7 Bxa5 54. Bxg6 f4 55. g4 Kd7 56. Ke5 f3 57. h4 Bc7+ 58. Kf6 Bd8+
1/2-1/2

[Event "Seniorenkampioenschap 2013"]
[Site "Oosterbeek, Netherlands"]
[Date "2013.07.08"]
[Round "3"]
[White "Klein, Ron"]
[Black "Toorman, Jan"]
[Result "1/2-1/2"]
[WhiteElo "2019"]
[BlackElo "1982"]
[PlyCount "64"]
[EventDate "2013.??.??"]

1. d4 Nf6 2. Bg5 d5 3. Bxf6 exf6 4. e3 c6 5. Bd3 Qb6 6. b3 a5 7. a3 Be6 8. Ne2
Nd7 9. Nd2 c5 10. c3 Be7 11. Ng3 g6 12. O-O O-O 13. a4 Rac8 14. Ne2 f5 15. Nf4
cxd4 16. cxd4 Nf6 17. Bb5 Rc7 18. Rc1 Rfc8 19. Rxc7 Qxc7 20. Nxe6 fxe6 21. Nf3
Ne4 22. Ne5 Nc3 23. Qd3 Nxb5 24. Qxb5 Bd6 25. g3 Bxe5 26. dxe5 Ra8 27. f4 b6
28. Kg2 Rc8 29. Rf2 Qc5 30. Qd7 Qc6 31. Qxc6 Rxc6 32. Rb2 Kf7 1/2-1/2

[Event "Seniorenkampioenschap 2013"]
[Site "Oosterbeek, Netherlands"]
[Date "2013.07.08"]
[Round "3"]
[White "Burer, Audry"]
[Black "Mostertman, Loek"]
[Result "0-1"]
[WhiteElo "1917"]
[BlackElo "1993"]
[PlyCount "92"]
[EventDate "2013.??.??"]

1. e4 d5 2. exd5 Qxd5 3. d4 e5 4. Be3 Nc6 5. Nf3 Bg4 6. Be2 O-O-O 7. Nc3 Bb4 8.
O-O Qa5 9. Nxe5 Bxe2 10. Nxc6 Bxd1 11. Nxa5 Bxc2 12. Rfc1 Bd3 13. Nb3 b6 14. a3
Bd6 15. Nd2 Nf6 16. h3 h6 17. Re1 Rhe8 18. Nf3 Rd7 19. Rad1 Ba6 20. Bd2 Rde7
21. Rxe7 Rxe7 22. Re1 Rxe1+ 23. Nxe1 Kd7 24. Nc2 Bd3 25. Ne1 Bc4 26. Nc2 Nd5
27. Ne3 Nxe3 28. Bxe3 f5 29. f4 Ke6 30. Kf2 a5 31. g3 g6 32. h4 h5 33. Bd2 b5
34. Ke3 b4 35. axb4 axb4 36. Nd1 Kd5 37. Be1 Be7 38. Bd2 Kc6 39. Be1 Kb5 40.
Kd2 Bf6 41. Bf2 Bb3 42. Kc1 Bxd1 43. Kxd1 Kc4 44. Kc2 b3+ 45. Kc1 Bxd4 46. Be1
c5 0-1

[Event "Seniorenkampioenschap 2013"]
[Site "Oosterbeek, Netherlands"]
[Date "2013.07.08"]
[Round "3"]
[White "Haitsma, Anne"]
[Black "Vreugdenhil, Frans"]
[Result "1-0"]
[WhiteElo "1923"]
[BlackElo "1921"]
[PlyCount "49"]
[EventDate "2013.??.??"]

1. d4 Nf6 2. c4 e5 3. dxe5 Ng4 4. Bf4 g5 5. Bd2 Nxe5 6. Bc3 Bg7 7. e3 O-O 8.
Nf3 Nbc6 9. Nxe5 Nxe5 10. Be2 d6 11. Qc2 Be6 12. O-O g4 13. Nd2 Qh4 14. f4 g3
15. hxg3 Qxg3 16. fxe5 Bh6 17. Qe4 Bxe3+ 18. Kh1 Bh3 19. Qf3 Qxf3 20. Rxf3 Bxd2
21. Bxd2 Be6 22. Rg3+ Kh8 23. Bg5 h6 24. Bf6+ Kh7 25. Bd3+ 1-0

[Event "Seniorenkampioenschap 2013"]
[Site "Oosterbeek, Netherlands"]
[Date "2013.07.09"]
[Round "4"]
[White "Van Oosten, Arend"]
[Black "Jonkman, Fokke"]
[Result "1/2-1/2"]
[WhiteElo "2143"]
[BlackElo "2131"]
[PlyCount "110"]
[EventDate "2013.??.??"]

1. e4 c5 2. Nc3 Nc6 3. g3 g6 4. Bg2 Bg7 5. d3 e6 6. Be3 d6 7. Qd2 Rb8 8. Nf3
Nd4 9. Bxd4 cxd4 10. Nb5 Qb6 11. Qb4 Kd7 12. e5 Qc5 13. Qxc5 dxc5 14. Nxa7 Ne7
15. Ng5 h6 16. Nxf7 Rf8 17. Nd6 Bxe5 18. Ndxc8 Nxc8 19. Nxc8 Kxc8 20. O-O Bd6
21. Bh3 Rf6 22. Rae1 Kd7 23. Re2 Re8 24. Rfe1 Bc7 25. Re4 g5 26. Bg4 Kd6 27.
Re5 b6 28. c3 Kc6 29. Rxe6+ Rfxe6 30. Rxe6+ Rxe6 31. Bxe6 dxc3 32. bxc3 Be5 33.
c4 b5 34. cxb5+ Kxb5 35. Kg2 Kb4 36. Kf3 Bd4 37. Ke2 Kc3 38. Bc4 Be5 39. a4 Kb4
40. Bb5 h5 41. h3 Ka5 42. Be8 h4 43. Kf3 Bd4 44. Kg2 hxg3 45. fxg3 Kb4 46. Kf3
c4 47. dxc4 Kxc4 48. Kg4 Bf6 49. h4 gxh4 50. gxh4 Kd5 51. h5 Ke6 52. a5 Ke7 53.
Kf5 Bd4 54. Kg6 Kxe8 55. h6 Kd7 1/2-1/2

[Event "Seniorenkampioenschap 2013"]
[Site "Oosterbeek, Netherlands"]
[Date "2013.07.09"]
[Round "4"]
[White "Markus, John"]
[Black "Schouten, Nico"]
[Result "1/2-1/2"]
[WhiteElo "2016"]
[BlackElo "2160"]
[PlyCount "54"]
[EventDate "2013.??.??"]

1. d4 Nf6 2. c4 g6 3. Nc3 Bg7 4. e4 d6 5. f4 O-O 6. Nf3 Nbd7 7. Be2 e5 8. fxe5
dxe5 9. d5 c6 10. O-O Ne8 11. Be3 c5 12. Kh1 Nd6 13. h3 b6 14. a4 Nf6 15. Nd2
h6 16. Qe1 Kh7 17. Bg1 a5 18. Bh2 Nfe8 19. Bd3 Ra7 20. Nf3 Re7 21. g4 Kh8 22.
Qh4 Nc7 23. Rae1 Kg8 24. Bg1 Ree8 25. Qg3 Qd7 26. Be3 f6 27. Rg1 g5 1/2-1/2

[Event "Seniorenkampioenschap 2013"]
[Site "Oosterbeek, Netherlands"]
[Date "2013.07.09"]
[Round "4"]
[White "Van Leeuwen, Etienne"]
[Black "Vogel, Jaap"]
[Result "1/2-1/2"]
[WhiteElo "2061"]
[BlackElo "2196"]
[PlyCount "138"]
[EventDate "2013.??.??"]

1. e4 e6 2. d4 d5 3. Nc3 Bb4 4. e5 c5 5. a3 Bxc3+ 6. bxc3 Qa5 7. Bd2 Qa4 8. Qb1
c4 9. Nh3 Nc6 10. Be2 Nge7 11. Nf4 Bd7 12. Nh5 Rg8 13. O-O O-O-O 14. Qb2 Rdf8
15. Rab1 b6 16. Bg5 Nf5 17. Bg4 Nce7 18. Bxe7 Nxe7 19. Nf4 Qa5 20. Qb4 Qxb4 21.
axb4 a5 22. Rb2 Kc7 23. Ra1 Ra8 24. Kf1 a4 25. Ke1 b5 26. Kd2 Ra6 27. Re1 Rf8
28. Nh5 f6 29. f4 f5 30. Bf3 Rg8 31. Rbb1 Be8 32. Ng3 g5 33. fxg5 Rxg5 34. Ne2
Bf7 35. Nf4 Ra8 36. g3 Rag8 37. Rbd1 h5 38. Kc1 Rh8 39. Rg1 Rgg8 40. h4 Rh6 41.
Nh3 Kd7 42. Ng5 Ke8 43. Rdf1 Rg7 44. Be2 Rh8 45. Rf2 Ng6 46. Kb2 Ke7 47. Bd1
Be8 48. Be2 f4 49. gxf4 Nxh4 50. Rh2 Nf5 51. Rh3 Rh6 52. Rgh1 Rg8 53. Bxh5 Bxh5
54. Rxh5 Rgh8 55. Rxh6 Rxh6 56. Rxh6 Nxh6 57. Nf3 Nf5 58. Nd2 Ne3 59. Nb1 Kd7
60. Kc1 Ng2 61. Kd2 Nxf4 62. Na3 Kc6 63. Ke3 Nh3 64. Kd2 Ng5 65. Kc1 Nf7 66.
Kd2 Ng5 67. Kc1 Ne4 68. Kb2 Ng3 69. Kc1 Ne4 1/2-1/2

[Event "Seniorenkampioenschap 2013"]
[Site "Oosterbeek, Netherlands"]
[Date "2013.07.09"]
[Round "4"]
[White "Van den Berg, Ad"]
[Black "Pols, Leendert"]
[Result "1/2-1/2"]
[WhiteElo "2176"]
[BlackElo "1960"]
[PlyCount "63"]
[EventDate "2013.??.??"]

1. c4 c5 2. Nc3 Nc6 3. g3 g6 4. Bg2 Bg7 5. a3 e6 6. e4 Nge7 7. Rb1 O-O 8. Nge2
a5 9. O-O d6 10. d3 h6 11. Be3 Nd4 12. b4 axb4 13. axb4 Nec6 14. b5 Nxe2+ 15.
Nxe2 Ne5 16. Nc1 h5 17. h3 f5 18. f4 Nd7 19. Kh2 Qc7 20. Rf2 Ra3 21. Nb3 b6 22.
Bc1 Ra7 23. exf5 exf5 24. Bd5+ Kh7 25. Re2 Nf6 26. Bh1 Bb7 27. Nd2 Re8 28. Nf3
Bxf3 29. Bxf3 Qd8 30. Rbb2 Rxe2+ 31. Rxe2 d5 32. cxd5 1/2-1/2

[Event "Seniorenkampioenschap 2013"]
[Site "Oosterbeek, Netherlands"]
[Date "2013.07.09"]
[Round "4"]
[White "Hagendijk, Klaas"]
[Black "Van Wageningen, Arie"]
[Result "0-1"]
[WhiteElo "1945"]
[BlackElo "2100"]
[PlyCount "43"]
[EventDate "2013.??.??"]

1. e4 e6 2. Qe2 Be7 3. g3 d5 4. d3 c5 5. Bg2 Nc6 6. Nf3 Nf6 7. O-O O-O 8. e5
Nd7 9. c4 f6 10. exf6 Nxf6 11. Bf4 Nh5 12. Be5 Bf6 13. Nbd2 Nxe5 14. Nxe5 g6
15. b3 Ng7 16. Ndf3 a5 17. a4 Qd6 18. Rfe1 b6 19. Rad1 Ra7 20. g4 Re8 21. g5
Bxe5 22. Nxe5 {onleesbaar} 0-1

[Event "Seniorenkampioenschap 2013"]
[Site "Oosterbeek, Netherlands"]
[Date "2013.07.09"]
[Round "4"]
[White "Broekman, Willem"]
[Black "Haggeman, Henny"]
[Result "1-0"]
[WhiteElo "2007"]
[BlackElo "1897"]
[PlyCount "67"]
[EventDate "2013.??.??"]

1. d4 c5 2. d5 d6 3. e4 g6 4. Nf3 Bg7 5. Bd3 Nf6 6. Qe2 O-O 7. O-O e6 8. c4
exd5 9. cxd5 Re8 10. Nc3 Na6 11. Bxa6 bxa6 12. Re1 Rb8 13. Qc2 Bg4 14. Nd2 Bd7
15. Nf1 Qb6 16. Ne3 Qb4 17. a3 Qb6 18. Nc4 Qc7 19. Bf4 Bf8 20. e5 Bf5 21. exd6
Qd8 22. Qd2 Rxe1+ 23. Rxe1 Rb7 24. Qe3 Rd7 25. Ne5 Rb7 26. Nc6 Qd7 27. Ne7+
Bxe7 28. dxe7 Ne8 29. Qxc5 Rxb2 30. h3 Rc2 31. Qd4 Qc8 32. Ne4 Rc4 33. Nf6+ Kg7
34. Nxe8+ 1-0

[Event "Seniorenkampioenschap 2013"]
[Site "Oosterbeek, Netherlands"]
[Date "2013.07.09"]
[Round "4"]
[White "Etmans, Maarten"]
[Black "Algera, Symon"]
[Result "0-1"]
[WhiteElo "2115"]
[BlackElo "1985"]
[PlyCount "86"]
[EventDate "2013.??.??"]

1. e4 c6 2. d4 d5 3. e5 c5 4. dxc5 Nc6 5. Nf3 Bg4 6. Bf4 e6 7. Be2 Bxc5 8. O-O
Nge7 9. Bg3 Bxf3 10. Bxf3 Bd4 11. c3 Bxe5 12. Nd2 Bxg3 13. hxg3 O-O 14. Qb3 Qb6
15. Qxb6 axb6 16. c4 Nd4 17. cxd5 Nxf3+ 18. Nxf3 Nxd5 19. a3 Rfc8 20. Rac1 Rc5
21. Ne5 Rac8 22. Nd3 Rxc1 23. Rxc1 Rxc1+ 24. Nxc1 Kf8 25. Kf1 Ke7 26. Ke2 Kd6
27. Kd3 f5 28. Nb3 e5 29. Nd2 b5 30. f3 h5 31. b3 g5 32. a4 h4 33. axb5 hxg3
34. Nf1 f4 35. Nd2 Ne3 36. Ne4+ Kd5 37. Nxg3 Nxg2 38. Ne4 Ne1+ 39. Ke2 Nxf3 40.
Nf6+ Ke6 41. Ne4 Nd4+ 42. Kd3 g4 43. Nc5+ Kd5 0-1

[Event "Seniorenkampioenschap 2013"]
[Site "Oosterbeek, Netherlands"]
[Date "2013.07.09"]
[Round "4"]
[White "Van Lanen, Toon"]
[Black "Haitsma, Anne"]
[Result "1-0"]
[WhiteElo "2098"]
[BlackElo "1923"]
[PlyCount "65"]
[EventDate "2013.??.??"]

1. e4 e5 2. Nf3 Nc6 3. d4 exd4 4. Nxd4 Nf6 5. Nxc6 bxc6 6. Bd3 d5 7. exd5 cxd5
8. O-O Be7 9. c4 c6 10. Nc3 O-O 11. cxd5 cxd5 12. Be3 Bg4 13. Qd2 Qd7 14. Bd4
Bf5 15. Bxf5 Qxf5 16. Bxf6 Bxf6 17. Nxd5 Rfd8 18. Rad1 Kh8 19. b3 Rd6 20. Qd3
Qxd3 21. Rxd3 Rad8 22. Rfd1 g6 23. g3 Kg7 24. Kg2 Bb2 25. Kf3 Rc8 26. R3d2 Bc1
27. Rd3 Bb2 28. h4 Kf8 29. Ne3 Rf6+ 30. Ke2 Ke8 31. Nc4 Re6+ 32. Re3 Rxe3+ 33.
fxe3 1-0

[Event "Seniorenkampioenschap 2013"]
[Site "Oosterbeek, Netherlands"]
[Date "2013.07.09"]
[Round "4"]
[White "Mostertman, Loek"]
[Black "Landsbergen, Ron"]
[Result "1-0"]
[WhiteElo "1993"]
[BlackElo "1975"]
[PlyCount "49"]
[EventDate "2013.??.??"]

1. e4 c5 2. Nf3 e6 3. d3 Nc6 4. g3 g6 5. Bg2 Bg7 6. c3 d5 7. Nbd2 Nge7 8. O-O
O-O 9. Re1 Qc7 10. Nf1 Rd8 11. Bf4 e5 12. Bd2 h6 13. Qc1 Kh7 14. b4 dxe4 15.
dxe4 cxb4 16. cxb4 Qd6 17. Rb1 Be6 18. b5 Nd4 19. Bb4 Qd7 20. Nxd4 exd4 21. a4
g5 22. f4 gxf4 23. gxf4 f5 24. Bxe7 Qxe7 25. exf5 1-0

[Event "Seniorenkampioenschap 2013"]
[Site "Oosterbeek, Netherlands"]
[Date "2013.07.09"]
[Round "4"]
[White "Thieme, Wim"]
[Black "Piket, Joop"]
[Result "0-1"]
[WhiteElo "1911"]
[BlackElo "2056"]
[PlyCount "86"]
[EventDate "2013.??.??"]

1. e4 d6 2. Nf3 g6 3. d4 Bg7 4. c3 Nf6 5. Bd3 O-O 6. O-O c6 7. h3 Nbd7 8. Be3
e5 9. dxe5 dxe5 10. Qc2 Qe7 11. Nbd2 Nh5 12. Rad1 Nf4 13. Nb3 a5 14. a4 Nxd3
15. Qxd3 f5 16. Qc4+ Kh8 17. Nc5 Nf6 18. Ng5 f4 19. Bc1 b6 20. Nce6 Ba6 21. Qb3
Bxf1 22. Nxf8 Rxf8 23. Kxf1 h6 24. Nf3 Qc5 25. Qc2 Kh7 26. Qd3 Rf7 27. Qe2 b5
28. axb5 cxb5 29. b4 Qxc3 30. bxa5 Re7 31. a6 Qc6 32. Ba3 Re8 33. a7 Nxe4 34.
Rc1 Nc3 35. Qc2 e4 36. Nd2 e3 37. fxe3 fxe3 38. Nf3 b4 39. Bxb4 Qc4+ 40. Kg1
Qxb4 41. Re1 Qb6 42. Nh4 e2+ 43. Kh1 Ra8 0-1